| 000 | 01064nam a2200265 i 4500 | ||
|---|---|---|---|
| 001 | 33132 | ||
| 003 | ES-MaACL | ||
| 005 | 20250822055318.0 | ||
| 007 | t| | ||
| 008 | 030201s1927 ag ||||1| spa d | ||
| 130 | 0 |
_aBiblia. _lEspañol _9119282 |
|
| 245 | 1 | 0 |
_aBiblia medieval romanceada _b: según los manuscritos escurialenses I-j-3, I-j-8 y I-j-6 / _cedición de Américo Castro, Agustín Millares Carlos y Angel J. Battistessa. |
| 260 |
_aBuenos Aires : _bFacultad de Filosofía y Letras, _c1927. |
||
| 300 |
_a285 p., [2] h. de lám. ; _c24 cm. |
||
| 505 | 8 | _aContiene: T. I: Pentateuco / prólogo de Amado Alonso | |
| 630 | 0 | 4 |
_aBiblia. _pA.T.- _xTraducciones al español. _9153396 |
| 700 | 1 |
_aCastro, Américo, _d1885-1972 _9226525 |
|
| 700 | 1 |
_aMillares Carlo, Agustín, _d1893-1980 _981176 |
|
| 700 | 1 |
_aBattistessa, Angel J. _926485 |
|
| 700 | 1 |
_aAlonso, Amado. _920182 |
|
| 740 | 0 | _aPentateuco. | |
| 852 |
_aES-MaACL _jB-13106 _z.- Ded. manuscrita de Agustín Millares Carlo |
||
| 852 |
_aES-MaACL _jB-13076 |
||
| 999 |
_c33132 _d33132 |
||